[Event "41st Nezhmetdinov Rapid 2019"]
[Site "Kazan"]
[Date "2019.05.30"]
[Round "9.4"]
[White "Chigaev, Maksim"]
[Black "Pridorozhni, Aleksei"]
[Result "1-0"]
[WhiteElo "2637"]
[BlackElo "2588"]
[Annotator "TA"]
[PlyCount "133"]
[EventDate "2019.05.29"]
[EventType "swiss"]
[EventCountry "RUS"]
[SourceTitle "playchess.com"]
[Source "ChessBase"]
[SourceQuality "1"]

{[%evp 24,133,42,24,30,23,20,22,29,27,22,-19,16,-33,-33,-39,-39,-36,-22,-60,-62,-53,-63,-62,-49,-54,-50,-86,-75,-81,-85,-95,-88,-102,-86,-85,-96,-136,-138,-134,-122,-129,-122,-179,-140,-141,-142,-150,-135,-154,-142,-142,-142,-154,-142,-135,-137,-146,-135,-135,0,0,0,0,0,-18,0,-12,-19,-9,455,456,456,456,456,435,440,431,433,439,689,642,628,628,689,667,590,604,508,481,1219,1124,916,910,965,448,1336,1225,2389,2287,1866,1468,2342,2254,6631,3053,29963,29962,29961,29963,29961,29956]} 1. e4 c5 2. Nf3 Nc6 3. Bb5 g6 4. Bxc6 bxc6 5. O-O Bg7 6. Re1 Nh6 7. c3 O-O 8. h3 d6 9. d4 cxd4 10. cxd4 f6 11. Nc3 Nf7 12. b3 e5 13. Bb2 Re8 {B31: Sicilian: 2...Nc6 3 Bb5 g6} (13... f5 14. exf5 Bxf5 15. Rc1 Rc8 16. dxe5 Nxe5 17. Nxe5 Bxe5 18. Na4 Bxb2 19. Nxb2 Qf6 20. Qd2 d5 21. Na4 {1-0 (43) Svetushkin,D (2561)-Schuh,D (2372) Werther 2016}) 14. Rc1 $146 ({Predecessor:} 14. Qd2 Bb7 15. Rad1 Qa5 16. Qc2 Rad8 17. Na4 Qb5 18. Nc3 Qa5 19. Na4 Qb5 20. Nc3 Qa5 {½-½ (20) Gatterer,F (2323)-Deglmann,L (2329) Austria 2009}) 14... Ba6 15. Qc2 Rc8 {The position is equal.} 16. Rcd1 Qc7 17. Ne2 Qb7 18. Ng3 c5 19. dxe5 dxe5 20. Nd2 Nd6 21. Bc3 Nb5 22. Nc4 Nd4 23. Qd3 Rcd8 24. Nf1 {[%cal Bg3f1,Bf1d2,Bd2f3][%mdl 32]} f5 25. Bxd4 cxd4 ({Of course not} 25... Rxd4 26. Qc2 $11) 26. Nfd2 Qf7 27. Rc1 Bh6 28. Rc2 Qf6 29. Nf3 Bb7 30. Rce2 fxe4 31. Rxe4 Bxe4 32. Rxe4 Bg7 33. g3 (33. Nfxe5 $17 {might work better.} Qf5 34. g4) 33... Qe6 34. Kg2 Qd5 35. h4 Bf6 36. Kg1 Kg7 37. Nfd2 Re6 38. Re2 Be7 39. Ne4 Rf8 40. f3 h5 41. Kg2 Rf5 ({Black should play} 41... Bd8 $17 42. Ne3 Qb7) 42. Ne3 $1 $11 {[%cal Re3d5][%mdl 64] [#] Double Attack} Qc6 43. Nxf5+ gxf5 44. Nd2 Kf6 45. Nc4 {And now Qd2 would win.} Bb4 46. Qd1 $36 {[%mdl 2048] White fights for an advantage.} Bc3 $2 {[%mdl 8192]} (46... Qd5 $11 {and Black stays safe.}) 47. Qc1 $18 e4 48. Qg5+ Kf7 49. Qxf5+ Ke7 {[#] ...exf3+ is the strong threat.} 50. Rxe4 Rxe4 51. Qxe4+ ({Don't do} 51. fxe4 d3 $18) 51... Qxe4 (51... Qe6 $142 52. Qh7+ Qf7) 52. fxe4 {[%mdl 4096] Endgame KB-KN} d3 53. Kf3 Ke6 54. g4 hxg4+ 55. Kxg4 d2 56. Ne3 Ke5 (56... Bf6 $142 57. h5 Bd4) 57. Kf3 Kd4 58. Ke2 Kxe4 59. Nc4 d1=B+ (59... Kf4 $142 60. Nxd2 Kg4) 60. Kxd1 Kf4 61. Kc2 Bf6 62. h5 Kg5 63. Kd3 Kxh5 64. Ke4 (64. b4 $142 Kg5 65. Na5) 64... Be7 65. a4 {White mates.} Kg6 66. Kd5 Bh4 67. b4 {Accuracy: White = 72%, Black = 53%.} 1-0

[Event "41st Nezhmetdinov Rapid 2019"]
[Site "Kazan"]
[Date "2019.05.30"]
[Round "9.5"]
[White "Romanov, Evgeny"]
[Black "Kokarev, Dmitry"]
[Result "0-1"]
[WhiteElo "2573"]
[BlackElo "2605"]
[Annotator "RC"]
[PlyCount "84"]
[EventDate "2019.05.29"]
[EventType "swiss"]
[EventCountry "RUS"]
[SourceTitle "playchess.com"]
[Source "ChessBase"]
[SourceQuality "1"]
[TimeControl "900+10"]

1. g3 {[%emt 0:01:38]} g6 {[%emt 0:00:00]} 2. Bg2 {[%emt 0:00:05]} c5 {[%emt 0:00:00]} 3. c4 {[%emt 0:00:05]} Bg7 {[%emt 0:00:00]} 4. Nc3 {[%emt 0:00:02]} Nc6 {[%emt 0:00:00]} 5. e4 {[%emt 0:01:13]} e6 {[%emt 0:00:07]} 6. Nge2 {[%emt 0:00:03]} Nge7 {[%emt 0:00:02]} 7. O-O {[%emt 0:00:03]} O-O {[%emt 0:00:05]} 8. d3 {[%emt 0:00:02]} d6 {[%emt 0:00:13]} 9. a3 {[%emt 0:00:11]} a5 {[%emt 0:00:03]} 10. h3 {[%emt 0:00:26]} b6 {[%emt 0:00:28]} 11. g4 {[%emt 0:00:14]} Bb7 {[%emt 0:00:21]} 12. g5 {[%emt 0:01:45]} Qd7 {[%emt 0:01:09]} 13. h4 {[%emt 0:00:35]} Nd4 {[%emt 0:00:04]} 14. Nxd4 {[%emt 0:00:28]} cxd4 {[%emt 0:00:03]} 15. Nb5 {[%emt 0:01:34]} d5 {[%emt 0:00:13]} 16. Bf4 {[%emt 0:00:08]} e5 {[%emt 0:00:13]} 17. Bg3 {[%emt 0:00:01]} dxc4 {[%emt 0:00:08]} 18. dxc4 {[%emt 0:00:01]} Nc6 {[%emt 0:04:57]} 19. b3 {[%emt 0:00:56]} Ba6 {[%emt 0:00:29]} 20. a4 {[%emt 0:00:33]} Nd8 {[%emt 0:00:39]} 21. Kh2 {[%emt 0:00:14]} Ne6 {[%emt 0:00:17]} 22. Bh3 {[%emt 0:00:04]} Rad8 {[%emt 0:00:04]} 23. Bxe6 {[%emt 0:00:40]} Qxe6 {[%emt 0:00:02]} 24. Nc7 {[%emt 0:00:03]} Qc8 {[%emt 0:00:01]} 25. Nxa6 {[%emt 0:00:02]} Qxa6 {[%emt 0:00:02]} 26. Qd3 {[%emt 0:00:27]} f5 {[%emt 0:00:38]} 27. gxf6 {[%emt 0:00:12]} Bxf6 {[%emt 0:00:02]} 28. f4 {[%emt 0:01:57]} exf4 {[%emt 0:00:13]} 29. Rxf4 {[%emt 0:00:01]} Qc8 {[%emt 0:01:33]} 30. e5 {[%emt 0:01:03]} Bg7 {[%emt 0:00:14]} 31. Rxd4 {[%emt 0:00:58]} Rxd4 {[%emt 0:01:31]} 32. Qxd4 {[%emt 0:00:01]} Rd8 {[%emt 0:00:02]} 33. Qf4 {[%emt 0:00:56]} Qe6 {[%emt 0:00:49]} 34. Re1 {[%emt 0:00:41]} Bf8 {[%emt 0:01:02]} 35. Re2 {[%emt 0:00:27]} Bc5 {[%emt 0:00:11]} 36. h5 {[%emt 0:01:27]} Rd4 {[%emt 0:02:01]} 37. Qf3 {[%emt 0:00:02]} Rd7 {[%emt 0:00:18]} 38. Qa8+ {[%emt 0:01:11]} Kg7 {[%emt 0:00:05]} 39. Bf4 {[%emt 0:00:03]} Bg1+ {[%emt 0:00:57]} 40. Kxg1 {[%emt 0:00:21]} Qg4+ {[%emt 0:00:01]} 41. Qg2 {[%emt 0:00:12]} Rd1+ {[%emt 0:00:11]} 42. Kh2 {[%emt 0:00:03]} Qxf4+ {[%emt 0:00:05]} 0-1

[Event "41st Nezhmetdinov Rapid 2019"]
[Site "Kazan"]
[Date "2019.05.30"]
[Round "9.6"]
[White "Afanasiev, Nikita"]
[Black "Timofeev, Artyom"]
[Result "0-1"]
[WhiteElo "2524"]
[BlackElo "2602"]
[Annotator "TA"]
[PlyCount "98"]
[EventDate "2019.05.29"]
[EventType "swiss"]
[EventCountry "RUS"]
[SourceTitle "playchess.com"]
[Source "ChessBase"]
[SourceQuality "1"]

{[%evp 9,98,17,28,20,18,7,2,1,54,36,66,62,67,25,36,46,40,42,23,16,41,31,25,-14,0,-11,-7,-50,-34,-48,-55,-64,-28,-62,-47,-76,-53,-66,-40,-80,-74,-125,-109,-97,-120,-124,-129,-179,-193,-210,-133,-208,-36,-35,-21,-66,-42,-150,-146,-193,-187,-207,-206,-219,-207,-252,-250,-335,-327,-344,-300,-456,-432,-1403,-680,-651,-655,-598,-398,-1304,-1294,-1115,-1045,-1748,-1558,-6070,-5724,-29982,-29983,-29983,-29984]} 1. d4 d5 2. Nf3 Nf6 3. c4 e6 4. Nc3 a6 5. cxd5 exd5 6. Bf4 {D37: Queen's Gambit Declined: 5 Bf4} (6. Bg5 Be6 7. e3 Nbd7 8. Bd3 h6 9. Bf4 g5 10. Bg3 Nh5 11. Be5 Nhf6 12. Bg3 Nh5 13. Ne2 Nxg3 14. Nxg3 {1-0 (61) Leko,P (2679)-Caruana,F (2832) Germany 2019}) 6... Bd6 7. Bg3 O-O 8. e3 {The position is equal.} Nc6 (8... Bf5 $11) 9. Bd3 Bg4 10. Bh4 Be7 $146 ({Predecessor:} 10... Bb4 11. O-O Bxc3 12. bxc3 Qd6 13. Qc2 h6 14. Nd2 {1-0 (30) Berczes,D (2450)-Takacs,G (2126) Balatonlelle 2006}) 11. Qb3 Bxf3 12. gxf3 Na5 13. Qa4 c6 14. Qc2 h6 15. Ne2 Rc8 16. Qd2 Nc4 $36 {[%mdl 2048] Black fights for an advantage.} 17. Bxc4 $1 dxc4 18. Rc1 b5 19. Bxf6 Bxf6 20. Rg1 Kh8 21. Nc3 Re8 22. Kf1 Qd7 23. Rg3 Rcd8 24. Ne4 Be7 25. Rd1 (25. Qc2 $142) 25... f5 $17 26. Nc3 Bh4 27. Rh3 {[#]} Bf6 $1 28. Rg3 {[#]} c5 $1 {[%mdl 512]} 29. d5 (29. dxc5 Qxd2) 29... Qf7 30. Qc2 (30. Kg2 $17) 30... Qh5 $2 (30... b4 $19 31. Ne2 Rxd5) 31. Kg2 $15 Be5 32. f4 Bf6 33. d6 ({Better is} 33. Rh3 $15 Bh4 34. Ne2 Qg6+ 35. Ng3 Bxg3 36. hxg3) 33... Bh4 $17 34. Rd5 Bxg3 35. hxg3 Qg6 36. Rxf5 {White wants to play Rf8+!} Qxd6 37. Rd5 Qe7 {aiming for ...Rxd5.} 38. Rh5 Qb7+ 39. e4 Rd4 {Hoping for ...b4.} 40. Rxc5 (40. f3 {might work better.} Qd7 41. Rd5) 40... b4 $19 41. Rd5 (41. Qa4 $142 Rb8 42. Nd5 Rxe4 43. Qd1) 41... Rdxe4 (41... bxc3 $142 42. Qxc3 Rdxe4) 42. Nxe4 Qxd5 {[%mdl 4096] Endgame KQR-KQN} 43. f3 Qd3 44. Qa4 $2 (44. Qxd3 cxd3 45. Kf2) 44... Qe2+ 45. Kh3 Rb8 46. Qxa6 Qxf3 47. Qxc4 Re8 48. Nd6 Qh5+ 49. Kg2 Re2+ {Accuracy: White = 28%, Black = 67%.} 0-1

[Event "41st Nezhmetdinov Rapid 2019"]
[Site "Kazan"]
[Date "2019.05.30"]
[Round "9.7"]
[White "Sakaev, Konstantin"]
[Black "Pershin, Denis"]
[Result "1-0"]
[WhiteElo "2584"]
[BlackElo "2409"]
[Annotator "TA"]
[PlyCount "145"]
[EventDate "2019.05.29"]
[EventType "swiss"]
[EventCountry "RUS"]
[SourceTitle "playchess.com"]
[Source "ChessBase"]
[SourceQuality "1"]

{[%evp 13,145,17,16,14,82,75,80,80,81,80,77,84,121,119,112,100,110,64,133,60,108,111,179,166,175,172,179,185,177,181,177,170,399,399,383,383,367,358,441,403,430,430,412,413,427,419,445,418,424,402,428,426,429,429,428,429,494,487,468,465,604,533,582,585,578,578,626,622,1082,1052,940,884,874,870,852,836,1481,1369,1116,841,1077,958,29962,29963,29967,29968,29966,29967,29969,29970,29971,29972,29968,29973,29972,29974,29972,29974,29975,29976,29976,29976,29976,29977,29977,29978,29978,29979,29979,29980,29980,29979,29981,29980,29982,4137,29983,29984,29984,29985,29985,29986,29987,29988,29988,29989,29989,29990,29992,29991,29993,29994,29994,4149]} 1. d4 Nf6 2. c4 e6 3. Nf3 d5 4. Nc3 dxc4 5. Qa4+ c6 6. Qxc4 b5 7. Qd3 Bb7 8. e4 {D43: Semi-Slav: 5 Bg5 h6} Nbd7 {[#]} (8... a6 $11) (8... b4 9. Na4 Nbd7 10. Be3 Qa5 11. b3 Be7 12. Nd2 Qc7 13. Be2 O-O 14. Rc1 Rad8 15. Qc2 e5 16. dxe5 Qxe5 {1-0 (48) Moiseenko,A (2660)-Boruchovsky,A (2542) Israel 2018}) 9. e5 $1 $16 {[%cal Re5f6]} Nd5 10. Nxd5 {White is better.} exd5 11. Be2 Bb4+ $146 ({Predecessor:} 11... a6 12. Ng5 Bb4+ 13. Kf1 Qe7 14. a3 Ba5 15. b4 Bb6 {0-1 (46) Arata,R (2205)-Pavon Cardenas,J (2274) Benidorm 2012}) 12. Bd2 Qe7 13. O-O Bxd2 14. Nxd2 O-O 15. Nb3 f6 ({Black should try} 15... a5 $14) 16. f4 (16. Na5 $16) 16... fxe5 17. fxe5 Rxf1+ (17... a5 $16) 18. Rxf1 $18 Rf8 19. Bg4 Nb6 20. Nc5 Rxf1+ 21. Qxf1 Bc8 {[#]} 22. e6 $1 Nc4 $2 {[#]} (22... Qf6 {was worth a try.}) 23. Qf7+ $1 {[%mdl 512]} Qxf7 24. exf7+ {[%mdl 64] Discovered Attack} Kxf7 25. Bxc8 Nxb2 26. Bd7 Nd1 27. Bxc6 Nc3 28. Kf2 Ke7 29. a4 bxa4 30. Nxa4 Ne4+ 31. Ke3 Kd6 32. Bb5 g5 33. Bd3 Nf6 34. h3 h6 35. Nc3 a5 36. Be2 Nd7 37. Kd3 Nb6 38. Kc2 Nc8 39. Kb3 Ne7 40. Ka4 Nc6 41. Nb5+ Ke6 42. Bg4+ Ke7 43. Bc8 Nb4 44. Kxa5 Nc2 45. Kb6 Ne3 46. g3 h5 47. Kc5 g4 48. hxg4 hxg4 49. Nc3 Kd8 50. Nxd5 Nf1 51. Bxg4 Nxg3 52. Nc3 Nf1 53. d5 Ne3 54. Bh3 Nxd5 55. Nxd5 Ke8 56. Kd6 Kf7 57. Bf5 Kf8 58. Ke6 Kg7 59. Nf4 Kh6 60. Ng6 Kg7 61. Be4 Kg8 62. Kf6 Kh7 63. Bd5 Kh6 64. Bg8 Kh5 65. Ne5 {White mates.} Kh4 66. Kf5 Kg3 67. Ng4 Kf3 68. Bc4 Kg3 69. Bd5 Kh4 70. Kf4 Kh3 71. Bf3 Kh4 72. Ne3 Kh3 73. Nf5 {Accuracy: White = 83%, Black = 39%.} (73. Bg4+ $142 Kh2 74. Kf3 Kg1 75. Kg3 Kh1 76. Kf2 Kh2 77. Nf1+ Kh1 78. Bf3#) 1-0

[Event "41st Nezhmetdinov Rapid 2019"]
[Site "Kazan"]
[Date "2019.05.30"]
[Round "9.8"]
[White "Nozdrachev, Vladislav"]
[Black "Khanin, Semen"]
[Result "1/2-1/2"]
[WhiteElo "2489"]
[BlackElo "2524"]
[Annotator "TA"]
[PlyCount "74"]
[EventDate "2019.05.29"]
[EventType "swiss"]
[EventCountry "RUS"]
[SourceTitle "playchess.com"]
[Source "ChessBase"]
[SourceQuality "1"]

{[%evp 9,74,0,0,0,34,-14,29,17,83,74,83,89,104,81,72,63,77,81,79,81,136,103,110,-63,-62,-65,-70,-60,-53,-104,0,0,0,0,5,0,-8,-10,-9,-9,-22,-14,0,0,0,0,0,0,6,0,0,-80,-69,-109,0,0,0,0,0,0,0,-8,-8,-12,-12,-15,-15]} 1. e4 c5 2. Nf3 e6 3. b3 b6 4. Bd3 Bb7 5. O-O Nc6 6. Re1 {B40: Sicilian: 2...e6, Unusual lines} Nge7 7. Bf1 Ng6 8. Bb2 {White has an edge.} d6 $146 (8... d5 $11) ({Predecessor:} 8... Qc7 9. c3 Rc8 10. d4 cxd4 11. cxd4 Bb4 {1-0 (35) Anand,V (2800)-Polgar,J (2682) Kristiansund 2010}) 9. d4 $16 cxd4 10. Nxd4 Rc8 11. c4 h5 12. Nc3 Nxd4 13. Qxd4 Be7 14. Rad1 a6 (14... Bc6 $142) 15. Na4 Rc6 16. Qxg7 $2 {[#]} (16. b4 $16) 16... e5 $1 $15 17. Bxe5 $1 dxe5 18. Rxd8+ Bxd8 19. Nxb6 (19. b4 $15 Bf6 20. Qxh8+ Bxh8 21. c5) 19... Bf6 (19... Rxb6 $17 20. c5 Re6) 20. Qxh8+ $1 $11 Bxh8 21. Nd5 Ne7 22. h4 f5 23. Nxe7 Kxe7 24. exf5 Rd6 25. Be2 Rd4 26. g3 Kf6 27. Bxh5 Kxf5 28. Rd1 Bg7 29. Kf1 Bf8 30. Rxd4 (30. Be2 $11) 30... exd4 $17 31. Ke2 Bb4 (31... Be4 $17) 32. f3 {The position is equal.} Bd6 33. Bg4+ Kf6 34. Kd3 Bxg3 35. Kxd4 Bf2+ 36. Kc3 Bxh4 37. b4 Ke5 {Accuracy: White = 48%, Black = 51%.} 1/2-1/2

[Event "41st Nezhmetdinov Rapid 2019"]
[Site "Kazan"]
[Date "2019.05.30"]
[Round "9.9"]
[White "Golubov, Saveliy"]
[Black "Volkov, Sergey"]
[Result "1-0"]
[WhiteElo "2460"]
[BlackElo "2572"]
[Annotator "TA"]
[PlyCount "145"]
[EventDate "2019.05.29"]
[EventType "swiss"]
[EventCountry "RUS"]
[SourceTitle "playchess.com"]
[Source "ChessBase"]
[SourceQuality "1"]

{[%evp 9,145,-2,0,-45,-51,-46,-43,-55,-43,-42,-45,-43,-39,-37,-21,-44,-52,-41,-47,-59,-39,-124,-125,-115,-116,-279,-293,-493,-484,-474,-485,-450,-170,-181,-171,-174,-150,-152,-149,-215,-231,-257,-229,-236,17,18,122,121,138,134,130,132,118,121,144,146,139,59,98,72,81,54,87,72,83,75,144,151,170,51,50,50,68,27,34,17,49,47,68,61,59,22,53,56,166,176,197,97,136,37,56,84,147,21,20,32,110,59,59,59,59,0,408,408,408,408,408,408,401,400,401,401,389,280,220,189,189,189,189,189,388,388,651,413,819,781,800,773,1327,1135,1387,1387,5081,831,29987,29988,29992,29993]} 1. d4 d5 2. Bf4 c5 3. e3 Nc6 4. c3 Nf6 5. Nd2 Bf5 (5... Qb6 6. Qb3 Nh5 7. Qxb6 axb6 8. Bc7 cxd4 9. exd4 e5 10. Bxe5 Nxe5 11. dxe5 Bc5 12. g3 O-O {1-0 (76) Aronian,L (2765)-Caruana,F (2832) London 2018}) 6. dxc5 {D00: 1 d4 d5: Unusual lines} e5 7. Bg3 Bxc5 8. Ngf3 {Black is slightly better.} Qe7 9. Bb5 Bd6 $1 10. O-O a6 11. Ba4 O-O 12. c4 e4 $146 ({Predecessor:} 12... Bd3) 13. cxd5 exf3 14. dxc6 {Bxd6 is the strong threat.} fxg2 15. Kxg2 ({White should play} 15. Re1 $1 $15) 15... Rad8 $36 {[%mdl 2048] Threatens to win with ...Bb4. Black is really pushing.} 16. Bc2 Bg4 17. f3 $2 (17. Qc1 $17) 17... Bxg3 $19 (17... Qxe3 18. Nc4 $16) 18. hxg3 $2 (18. Qe2 Bh3+ 19. Kxg3 Bxf1 20. Nxf1) 18... Qxe3 19. Rf2 {[#]} Bh3+ $1 {[%mdl 512]} 20. Kg1 {[#]} (20. Kxh3 Qxf2) 20... bxc6 $2 (20... Ng4 $1 {[%mdl 512]} 21. Qe2 (21. fxg4 Qxg3+) 21... Qxf2+ 22. Qxf2 Nxf2) 21. Qe1 Qg5 $1 {White must now prevent ...Rfe8.} 22. Kh2 Qh6 23. Kg1 Rfe8 24. Qc1 (24. Ne4 $17) 24... Qg5 $1 {[%cal Rg5g3]} 25. Nf1 Qe5 26. Kh2 Qd4 $2 (26... Bxf1 $19 27. Qxf1 Rd4) 27. Rd2 $11 {[#]} Bxf1 (27... Qxd2+ $1 $11 {[%mdl 512] remains equal.} 28. Nxd2 (28. Qxd2 Rxd2+) 28... Re2+ {[%mdl 64] Double Attack} 29. Kxh3 Rdxd2) 28. Rxd4 $16 Rxd4 29. Qxf1 Rd2+ 30. Kg1 Rxc2 31. Re1 $1 {[%cal Re1e8] Strongly threatening Rxe8+.} ({Much weaker is} 31. Qxa6 $6 g6 $11) 31... Rb8 32. Re2 $1 {[%cal Re2c2][%mdl 1024] White has strong compensation.} Rc5 33. Qb1 (33. Qf2 $16 Rcb5 34. b3) 33... h5 34. Rc2 Rg5 35. Kf2 c5 36. Qe1 Rf5 37. Kg2 $1 c4 (37... Kh7 $142) 38. Qe2 Rc5 39. Kh3 (39. Rxc4 $18 Rxc4 40. Qxc4) 39... Rbc8 $14 40. Qe3 a5 41. a3 Nh7 42. Kg2 Nf6 43. Qd4 Rd5 44. Qf4 Rdc5 45. Kh2 Nd5 46. Qd4 Ne7 (46... Nf6 $14) 47. Re2 $1 $18 {[%cal Re2e7]} Nf5 {[#]} 48. Qd7 (48. Re8+ $1 $18 {[%mdl 512] is the precise move to win.} Rxe8 49. Qxc5 {[%mdl 64] Double Attack} Re2+ 50. Kh3) 48... g6 49. g4 (49. Re8+ $1 $16 Rxe8 50. Qxe8+ Kg7 51. Qe4) 49... hxg4 50. fxg4 Nh6 {[#]} (50... Ng7 $142) 51. Re8+ (51. Kh1 $1 $16) 51... Rxe8 $11 52. Qxe8+ {[%mdl 4096] Endgame KQ-KRN} Kh7 (52... Kg7 $14) 53. Qe7 ({Better is} 53. Kg2 $16) 53... Rb5 $1 $14 54. g5 Rxb2+ 55. Kg1 (55. Kh3 $1 $14 Rb3+ 56. Kg2) 55... Nf5 $2 {[%mdl 8192]} (55... c3 $1 $11 {and Black is okay.} 56. gxh6 c2 57. Qxf7+ Kxh6 58. Qf4+ Kh7 59. Qf7+ Kh6 60. Qf8+ Kh7 61. Qf7+ Kh6) 56. Qxf7+ $18 {[%mdl 64] Double Attack} Ng7 57. Qxc4 Rb1+ 58. Kg2 Rb2+ 59. Kf3 Rb8 {[#]} 60. Qc5 $1 a4 61. Ke4 Rb3 62. Qe7 Rh3 63. Kd4 Rh4+ 64. Ke5 Rh3 $2 (64... Rc4 {was called for.} 65. Kd5 Rf4) 65. Qb4 Re3+ $2 (65... Rg3 66. Qh4+ Nh5 67. Qxa4 Rxg5+ 68. Kd6 Rf5) 66. Kd5 Rd3+ (66... Rg3 $142 67. Qxa4 Rxg5+ 68. Kc6 Rf5 69. Qh4+ Nh5 70. Qe7+ Kh6) 67. Kc6 Nf5 68. Qxa4 Rg3 69. Qa7+ Kg8 70. a4 Rxg5 71. a5 Ne7+ 72. Qxe7 Rxa5 73. Qd8+ {[%mdl 64] Double Attack. Accuracy: White = 41%, Black = 34%.} 1-0

[Event "41st Nezhmetdinov Rapid 2019"]
[Site "Kazan"]
[Date "2019.05.30"]
[Round "9.10"]
[White "Indjic, Aleksandar"]
[Black "Puranik, Abhimanyu"]
[Result "1-0"]
[WhiteElo "2604"]
[BlackElo "2548"]
[Annotator "TA"]
[PlyCount "35"]
[EventDate "2019.05.29"]
[EventType "swiss"]
[EventCountry "RUS"]
[SourceTitle "playchess.com"]
[Source "ChessBase"]
[SourceQuality "1"]

{[%evp 9,35,12,10,-2,0,-4,23,12,21,25,64,73,84,92,95,96,156,159,208,197,260,260,302,306,430,405,718,743]} 1. d4 Nf6 2. Nf3 g6 3. Nc3 d5 4. Bf4 Bg7 5. e3 O-O 6. Nb5 {D00: 1 d4 d5: Unusual lines} (6. Be2 c5 7. O-O cxd4 8. exd4 Bg4 9. h3 Bxf3 10. Bxf3 Nc6 11. Ne2 b5 12. c3 e6 13. a3 a5 14. Nc1 b4 15. a4 Ne4 16. Bxe4 dxe4 {½-½ (85) Carlsen,M (2837)-Ding,L (2774) Saint Louis 2017}) 6... Na6 7. h3 c5 8. a4 $146 {White has an edge.} ({Predecessor:} 8. c3 cxd4 9. exd4 Bf5 10. Be2 Be4 11. O-O Bxf3 12. Bxf3 Qd7 13. a4 {0-1 (47) Hobber,A (2314)-Ernst,T (2346) Gothenburg 2018}) 8... Bf5 9. c3 Nd7 10. Be2 Re8 11. O-O e5 12. Bh2 Qb6 (12... cxd4 $142 13. cxd4 (13. exd4 Qe7 $14) 13... e4) 13. dxe5 $16 Be4 {[%cal Rd7e5]} 14. a5 Qc6 (14... Qd8 $142 15. Nd2 (15. Nd6 Re6 $18) 15... Nxe5) 15. Nd6 $18 {[%cal Bb5d6,Bd6f7,Bf7e5][%mdl 32] aiming for Bb5.} Bxf3 16. Bxf3 ({Weaker is} 16. gxf3 Rxe5 17. Bxe5 Nxe5 $16) 16... Rxe5 {[#]} (16... Nxe5 $142 17. Nxe8 (17. Bxd5 Qxd6 18. Bxf7+ {[%mdl 64] Discovered Attack} Kxf7 $16) 17... Nxf3+ 18. Qxf3 Rxe8) 17. Nxf7 $1 {[%mdl 512]} Rf5 {[#]} (17... Nc7 $142 18. Nxe5 Nxe5 19. Bxe5 Bxe5) (17... Kxf7 18. Bxe5) 18. Ne5 $1 {[%mdl 512] Accuracy: White = 71%, Black =  3%.} 1-0

[Event "41st Nezhmetdinov Rapid 2019"]
[Site "Kazan"]
[Date "2019.05.30"]
[Round "10.1"]
[White "Vallejo Pons, Francisco"]
[Black "Tsydypov, Zhamsaran"]
[Result "1/2-1/2"]
[WhiteElo "2688"]
[BlackElo "2546"]
[Annotator "TA"]
[PlyCount "41"]
[EventDate "2019.05.29"]
[EventType "swiss"]
[EventCountry "RUS"]
[SourceTitle "playchess.com"]
[Source "ChessBase"]
[SourceQuality "1"]

{[%evp 9,41,-16,38,40,40,32,47,20,20,17,12,22,22,5,13,18,28,31,18,18,47,28,22,29,17,17,37,31,26,29,51,41,47,-21]} 1. d4 Nf6 2. c4 g6 3. Bg5 Ne4 4. Bf4 Bg7 (4... c5 5. Nd2 Nxd2 6. Qxd2 Bg7 7. d5 Qb6 8. Rb1 d6 9. e4 Nd7 10. Nf3 Nf6 11. Bd3 Bg4 {½-½ (37) Vallejo Pons,F (2695)-Potkin,V (2597) St Petersburg 2018}) 5. f3 Nf6 ({Better is} 5... e5 $11 6. dxe5 Nc5) 6. e4 $14 {E60: King's Indian: Unusual lines and Fianchetto Variation without Nc3} d6 7. Nc3 Nc6 $146 ({Predecessor:} 7... O-O 8. g4 Nc6 9. Be3 e5 10. d5 Nd4 11. Bg2 c5 12. dxc6 bxc6 {0-1 (29) Paajala,N (1955)-Seeman,T (2406) Jyvaskyla 2016}) 8. d5 Ne5 9. Nge2 O-O 10. Ng3 c6 11. Be2 a6 12. Qd2 cxd5 13. cxd5 b5 {[%cal Bb7b5,Bb5b4][%mdl 32]} 14. O-O b4 15. Na4 Bd7 16. b3 Bxa4 17. bxa4 Nfd7 18. Rab1 a5 19. Bb5 Nb6 20. Rfc1 Rc8 21. Bxe5 {Accuracy: White = 75%, Black = 31%.} (21. Rxc8 $14 Qxc8 22. Rc1) 1/2-1/2